000 00402nam a22001577a 4500
003 OSt
005 20140310182447.0
008 130805t xxu||||| |||| 00| 0 eng d
050 _aPZ 7
_b.Au933 2005
100 _aAusten,Jane .
_97818
245 _aEmma. /
_cJane Austen.
260 _aNew York. :
_bPocket Books,
_cc2005.
300 _axiii. 520 p. :
_c17 cm.
942 _2lcc
_cSSLC
999 _c13615
_d13615